000 00755nam a22002657a 4500
003 CHAP
005 20220329134520.0
008 971013s1972 r 00010 d
010 _a21470
011 _a22442
035 _a26537
040 _cCHAP
082 _a333.0973
_bC5
100 0 0 _aClawson, Marion.
_923735
245 _aAmerica's land and its uses
260 _aBaltimore :
_bJohns Hopkins,
_c1972
300 _a166 p.
590 _aBATCH-UPD
_b10
_c20130110
_lUCH01
_h2225
590 _aCONVERSION
_b10
_c20130109
_lUCH01
_h1313
650 1 4 _aTierras
_xAprovechamiento
_xE.U.A.
_9113075
790 _aResources for the future
901 _aBK
942 _cLIBRO
949 _a333.0973 C5
_bBC
_cLIBRO
_d33724000328506
_eLIBRO
_h16930
_i26537
_mD
_si
999 _c21470
_d21470